000 00558nam a22001697a 4500
999 _c60537
_d60537
005 20230815160315.0
008 230815s1966 enk||||| |||| 00| 0 eng d
020 _a0146725104
041 _aeng
080 _a904(37/38)+669 S-88
100 _aStrong,D.E.
_919677
245 _aGreek and Roman Gold and Silver Plate/
_cD.E. Strong.
264 _aLondon,
_c1966.
300 _a235 p.:
_bill.;
_c24 cm.
653 _aბერძნული და რომაული ოქროს და ვერცხლის ფირფიტა
942 _2udc
_cBK